| 000 | 00563nam a22001937a 4500 | ||
|---|---|---|---|
| 003 | 0 | ||
| 005 | 20230817124440.0 | ||
| 008 | 230817b xxu||||| |||| 00| 0 eng d | ||
| 020 | _a978-621-406-305-5 | ||
| 050 |
_aHD 62.7 _b.P38 2021 |
||
| 100 | _aPaurom, Ferdinand C. | ||
| 245 |
_aEntrepreneurial mind _cFerdinand C. Paurom |
||
| 260 |
_aManila _bMindshapers Co., Inc. _cc2021. |
||
| 300 |
_avi, 155 pages ; _c23 cm. |
||
| 500 | _aEntrepreneurship. | ||
| 504 | _aIncludes bibliographical references. | ||
| 650 | _aEntrepreneurship. | ||
| 942 |
_2lcc _cBK |
||
| 999 |
_c365165 _d365165 |
||